000 00878naa a22002777u 4500
001 05720
003 HDC
007 cr bn ---aaaaa
008 210121s2009 xx a b 001 0 eng
040 _aHDC
100 _aPark, Young W.,
_eauthor
_96025
245 0 _aMoisture and Water Activity /
_cby Young W. Park
260 _a[No Place] :
_b[publisher not identified],
_c2009
300 _a33 pages
336 _atext
_2rdacontent
337 _acomputer
_2rdamedia
338 _aonline resource
_2rdacarrier
500 _aOriginal from book
650 _aMeat industry
_92353
650 _aMeat product
_9382
650 _aMeat
_91368
856 _zRequest full-text at [email protected]
942 _2lcc
942 _cCHAP
942 _kEBCH 002833
999 _c3044
_d3044